000 01029cam a22003011 4500
001 1995
003 BD-RjUL
005 20211208233447.0
008 131210s1968 stkabf b 001 0 eng
020 _a0852240244
035 _a(BD-RjUL)2022
040 _aDLC
_cDLC
_dDLC
_dBD-RjUL
_beng
041 _aeng
082 0 0 _a330.945
_bSAR
100 1 _aSaville, Lloyd
_d1913-
_96571
245 1 0 _aRegional economic development in Italy /
_c[by] Lloyd Saville.
260 _aEdinburgh :
_bEdinburgh U.P.,
_cc1968.
300 _axiv, 191 p. :
_bplate, 4 illus., map. ;
_c24 cm.
350 _a45/-
490 0 _aStudies in European regional development
504 _ainclude bibliographical footnotes and index.
650 0 _aEconomic zoning
_zItaly.
_96572
651 0 _aItaly
_xEconomic conditions
_y1945-1976.
_96573
856 4 _3WordlCat details.
_uhttp://www.worldcat.org/title/regional-economic-development-in-italy/oclc/460983&referer=brief_results
942 _2ddc
_cBK
999 _c1995
_d1995